00571nam a22001817a 450000500170000001000150001702000270003203500140005903700090007308200120008210000170009424500660011126000420017727000870021930000220030649000140032870000470034220250327142949.0 aENG-144303 c1500.00a9788193136201 aEN-127835 bDBAD a616.029 aHavel Smruti aINTEGRATED HANDBOOK OF FAMILY MEDICINEcSmruti HavalhEnglish aBelgaumbSukarmayogi Publishersc2015 bKarnataka aRukmani Hospital, Maddi Galli, Sankeshwar, Belagum, Karnataka e591313 a223(p)c218cm(pb) vVolume -1 aSmruti Mandar {And} Smruti Subhash Nikumbh